Statistics for Hair Metal Bands

Click here to take the quiz!

General Stats

  • This quiz has been taken 124 times
    (123 since last reset)
  • The average score is 16 of 40

Answer Stats

HintAnswer% Correct
I carry my crucifix under my death listMotley Crue
80%
Cause baby we'll be At the drive-in In the old man's FordPoison
76%
I'd drive all night just to get back homeBon Jovi
75%
I knew right from the beginning, that you would end up winnin'Ratt
75%
Get up, everybody's gonna move their feetKiss
74%
You can't get romantic on a subway lineVan Halen
68%
You're such a secret, misty eyed and shady, Lady how you hold the keyDef Leppard
67%
Seems like a thousand years since we broke the tiesCinderella
66%
And I don't worry about nothin' no Cause worryin's a waste of my...timeGuns N Roses
61%
Keep your mouth shut that's what we're going to doWarrant
61%
I looked around and what did I see broken hearted people staring at meWhitesnake
58%
Kangaroo lady with her bourbon in a pouchSkid Row
51%
Motoring, what's your price for flightNight Ranger
50%
Now the tears, they fall like rainDokken
49%
Got no brains, I'm insane, teacher says that I'm one big painQuiet Riot
47%
THERE'S NO ROOM FOR THE WANNABEES. THE HAS BEENS OR THE BADTwisted Sister
47%
We're heading for Venus (Venus) and still we stand tallEurope
41%
The job is done and I go out, another boring dayScorpions
39%
Up all night, sleep all daySlaughter
39%
Yeah, I saw sparks fly from the corner of my eyeWinger
35%
Day in, day out, all week long things go better with rockAutograph
33%
I see your man ain't here, he don't careGreat White
32%
Al Capone and the Bad Boy Jones, on the wrong side of the lawTesla
30%
No I never had a chance to love you now I only wanna say I love you one more timeWhite Lion
30%
I'm not trying to fake it and I ain't the one to blame.Faster Pussycat
28%
Don't say goodnight, say you're gonna stay foreverDamn Yankees
27%
Well, guess who's back in circulation. Now, I don't know what you may have heardDavid Lee Roth
26%
She was always something special A diamond shining bright in the rainL.A. Guns
26%
Speak of the devil, he's no friend of mineStryper
25%
Autumn came, we went, I went insane, never was winter so cold, noLita Ford
24%
I never thought you'd hurt me I guess you live and learnFirehouse
23%
When it's through, it's through Fate will twist the both of youMr. Big
22%
For a price I'd do about anything, except pull the triggerQueensryche
20%
I'm gonna throw your ass in the city jointSammy Hagar
17%
I know you really want to move me You know I like to see you tryBullet Boys
16%
Hold me close, don't ever let me goExtreme
14%
Wound up, can't sleep, can't do anything right, little honey Oh, since I set my eyes on youThe Cult
14%
But you love her so much you don't want to see her mean streakY&T
12%
I was slipping and sliding, drinkin' and drivin' bringin' me closer to hellAce Frehley
10%
Turn up the amps to ten and pound on those drumsJet Boy
3%

Score Distribution

Percentile by Number Answered

Percent of People with Each Score

Your Score History

You have not taken this quiz since the last reset